[Event "Hessen-ch U14"]
[Site "Bad Homburg"]
[Date "2012.??.??"]
[Round "3"]
[White "Mueller, Tobias"]
[Black "Spierling, Maximilian"]
[Result "0-1"]
[WhiteElo "973"]
[BlackElo "1128"]
[PlyCount "124"]
[EventDate "2012.04.??"]
[EventType "swiss"]
[EventRounds "9"]
[EventCountry "GER"]
[SourceTitle "EXT 2015"]
[Source "ChessBase"]
[SourceDate "2014.11.20"]
[SourceVersion "1"]
[SourceVersionDate "2014.11.20"]
[SourceQuality "1"]

1. d4 d5 2. c4 e6 3. Nf3 c6 4. Nc3 Nf6 5. Bf4 Nbd7 6. e3 Bb4 7. c5 Ne4 8. Qc2 Qa5 9. a3 Bxc3+ 10. bxc3 Nxc3 11. Qd2 b6 12. Rc1 Ne4 13. Qxa5 bxa5 14. Bd3 0-0 15. 0-0 f6 16. Bc7 a4 17. Rb1 a5 18. Rb2 Ba6 19. Bxa6 Rxa6 20. h3 Rc8 21. Bb6 Rb8 22. Rfb1 Nc3 23. Bc7 Rxb2 24. Rxb2 Nb5 25. Bd6 Nxa3 26. Ra2 Nb5 27. Rxa4 Nc3 28. Ra3 Ne4 29. Bc7 a4 30. Kf1 Ra7 31. Bb6 Ra6 32. Ke2 e5 33. Nd2 Ng5 34. Kd3 exd4 35. exd4 Ne6 36. Nf3 Nf4+ 37. Kc3 Nxg2 38. Kb4 Nxb6 39. cxb6 Rxb6+ 40. Kc5 Ra6 41. Nd2 Nf4 42. h4 Ne6+ 43. Kb4 Nxd4 44. Kc5 Nb5 45. Ra1 Kf7 46. Kb4 a3 47. Nb3 Kg6 48. Nc5 Ra8 49. Na4 Kh5 50. Rc1 Ra6 51. Nc5 Ra7 52. Nb3 a2 53. Na1 Ra6 54. Nb3 Kxh4 55. Na5 Kg4 56. Nb3 h5 57. Rg1+ Kf3 58. Rxg7 Kxf2 59. Rh7 a1Q 60. Nxa1 Rxa1 61. Rxh5 Rb1+ 62. Kc5 Rc1+ 0-1

[Event "Hessen-ch U14"]
[Site "Bad Homburg"]
[Date "2012.??.??"]
[Round "6"]
[White "Spierling, Maximilian"]
[Black "Bialas, Adrian"]
[Result "1/2-1/2"]
[WhiteElo "1128"]
[BlackElo "1048"]
[PlyCount "59"]
[EventDate "2012.04.??"]
[EventType "swiss"]
[EventRounds "9"]
[EventCountry "GER"]
[SourceTitle "EXT 2015"]
[Source "ChessBase"]
[SourceDate "2014.11.20"]
[SourceVersion "1"]
[SourceVersionDate "2014.11.20"]
[SourceQuality "1"]

1. e4 e5 2. Nf3 Nc6 3. Bc4 Nf6 4. d3 h6 5. 0-0 Bc5 6. c3 d6 7. Re1 Bg4 8. Nbd2 0-0 9. Nf1 Qd7 10. h3 Bh5 11. Ng3 Bg6 12. Nh4 d5 13. exd5 Nxd5 14. Qf3 Rad8 15. Qd1 Bh7 16. b4 Bb6 17. a4 Nxc3 18. Qc2 Bd4 19. Bb2 Nd5 20. b5 Ncb4 21. Qd2 Bxb2 22. Qxb2 Bxd3 23. Bxd5 Nc2 24. Red1 Qxd5 25. Rac1 Qc5 26. Nf3 Bh7 27. Nxe5 Rxd1+ 28. Rxd1 Qa3 29. Qxa3 Nxa3 30. Rc1 1/2-1/2

[Event "Hessen-ch U14"]
[Site "Bad Homburg"]
[Date "2012.??.??"]
[Round "8"]
[White "Spierling, Maximilian"]
[Black "Reidl, Jorit"]
[Result "1-0"]
[WhiteElo "1128"]
[BlackElo "859"]
[PlyCount "93"]
[EventDate "2012.04.??"]
[EventType "swiss"]
[EventRounds "9"]
[EventCountry "GER"]
[SourceTitle "EXT 2015"]
[Source "ChessBase"]
[SourceDate "2014.11.20"]
[SourceVersion "1"]
[SourceVersionDate "2014.11.20"]
[SourceQuality "1"]

1. e4 e5 2. Nf3 d6 3. Bc4 Nf6 4. d3 Nbd7 5. c3 b6 6. 0-0 Bb7 7. Re1 Be7 8. Nbd2 0-0 9. Nf1 c6 10. Ng3 Qc7 11. Nf5 Rae8 12. N3h4 Kh8 13. Qf3 d5 14. exd5 cxd5 15. Bb3 e4 16. Qd1 Bd6 17. Bg5 g6 18. Nxd6 Qxd6 19. h3 Nc5 20. dxe4 Nfxe4 21. Qd4+ f6 22. Bh6 Rf7 23. f3 Ne6 24. Qd3 Qc5+ 25. Be3 Nf4 26. Qd1 Qd6 27. fxe4 Nxh3+ 28. gxh3 Qg3+ 29. Ng2 d4 30. Bxf7 Bxe4 31. Qd2 dxe3 32. Rxe3 Qg5 33. Bxe8 Bxg2 34. Qxg2 Qxe3+ 35. Qf2 Qg5+ 36. Kf1 Qe5 37. Re1 Qd6 38. Bb5 Kg7 39. Qd4 Qg3 40. Re7+ Kh6 41. Qe3+ Qxe3 42. Rxe3 g5 43. Bd3 a5 44. Re6 Kg7 45. Rxb6 a4 46. Rb7+ Kh6 47. Rxh7# 1-0

[Event "GER-chT U12"]
[Site "Arendsee"]
[Date "2011.12.29"]
[Round "6.3"]
[White "Verfuerth, Kevin"]
[Black "Spierling, Maximilian"]
[Result "0-1"]
[WhiteElo "1086"]
[BlackElo "1102"]
[PlyCount "122"]
[EventDate "2011.12.27"]
[EventType "team-swiss"]
[EventRounds "7"]
[EventCountry "GER"]
[SourceTitle "EXT 2022"]
[Source "ChessBase"]
[SourceDate "2021.10.06"]
[SourceVersion "1"]
[SourceVersionDate "2021.10.06"]
[SourceQuality "1"]
[WhiteTeam "Kleve Turm U12"]
[BlackTeam "Oberursel U12"]
[WhiteTeamCountry "GER"]
[BlackTeamCountry "GER"]

1. c4 e5 2. Nc3 Nf6 3. e4 Bc5 4. g3 d6 5. Bg2 Ng4 6. Nh3 Nf6 7. 0-0 Nc6 8. Ng5 Nd4 9. h3 c6 10. Kh2 Be6 11. Nxe6 fxe6 12. d3 Qd7 13. f4 0-0-0 14. fxe5 dxe5 15. Bg5 h6 16. Bxf6 gxf6 17. Rxf6 h5 18. Qd2 Qe7 19. Raf1 Rhf8 20. Rxf8 Rxf8 21. Qd1 Rxf1 22. Qxf1 Nc2 23. Qe2 Nb4 24. a3 Na6 25. Qxh5 Qf6 26. Qf3 Qd8 27. Bf1 Qd4 28. Qg2 Nc7 29. Na4 Bd6 30. Qf3 b5 31. cxb5 cxb5 32. Nc3 Bc5 33. Qg2 Ne8 34. Nxb5 Qd7 35. Nc3 Qd4 36. h4 Nf6 37. g4 Qd7 38. Qf3 Qg7 39. g5 Nd7 40. Qg4 Qf7 41. Bg2 Qf2 42. g6 Nf6 43. Qf3 Qg1+ 44. Kh3 Be7 45. g7 Kd8 46. Qxf6 Bxf6 47. g8Q+ Ke7 48. Qh7+ Kd6 49. Qh6 Be7 50. Qd2 Bf6 51. Nb5+ Kd7 52. Kg3 Qb6 53. a4 Qb8 54. Qa5 Qg8+ 55. Kh2 Bxh4 56. Qc7+ Ke8 57. Qc8+ Bd8 58. Nd6+ Ke7 59. Nb7 Qh8+ 60. Kg1 Bb6+ 61. Nc5 Qxc8 0-1

[Event "GER-chT U12"]
[Site "Arendsee"]
[Date "2011.12.28"]
[Round "3.3"]
[White "Spierling, Maximilian"]
[Black "Wacker, Felix"]
[Result "1-0"]
[WhiteElo "1102"]
[BlackElo "1073"]
[PlyCount "63"]
[EventDate "2011.12.27"]
[EventType "team-swiss"]
[EventRounds "7"]
[EventCountry "GER"]
[SourceTitle "EXT 2022"]
[Source "ChessBase"]
[SourceDate "2021.10.06"]
[SourceVersion "1"]
[SourceVersionDate "2021.10.06"]
[SourceQuality "1"]
[WhiteTeam "Oberursel U12"]
[BlackTeam "Lambsheim U12"]
[WhiteTeamCountry "GER"]
[BlackTeamCountry "GER"]

1. e4 e5 2. Nf3 Nc6 3. Bc4 Bc5 4. d3 Nf6 5. 0-0 0-0 6. h3 d6 7. c3 Qe7 8. Nbd2 Be6 9. Bb3 Rfd8 10. Re1 Rd7 11. Nf1 Rad8 12. Ng3 d5 13. exd5 Bxd5 14. d4 Bd6 15. dxe5 Bxe5 16. Bf4 Bxf3 17. Qxf3 Rd3 18. Re3 Rxe3 19. Bxe3 Bxg3 20. Qxg3 Na5 21. Ba4 Nc4 22. Bh6 g6 23. b4 Qd6 24. Qh4 Qe5 25. Qxc4 c6 26. Bf4 Qd5 27. Bb3 b5 28. Qe2 Qe4 29. Qxe4 Nxe4 30. c4 Nc3 31. Be5 bxc4 32. Bxc4 1-0

[Event "GER-chT U12"]
[Site "Arendsee"]
[Date "2011.12.27"]
[Round "1.3"]
[White "Spierling, Maximilian"]
[Black "Wagner, Tobias"]
[Result "0-1"]
[WhiteElo "1102"]
[BlackElo "1304"]
[PlyCount "70"]
[EventDate "2011.12.27"]
[EventType "team-swiss"]
[EventRounds "7"]
[EventCountry "GER"]
[SourceTitle "EXT 2022"]
[Source "ChessBase"]
[SourceDate "2021.10.06"]
[SourceVersion "1"]
[SourceVersionDate "2021.10.06"]
[SourceQuality "1"]
[WhiteTeam "Oberursel U12"]
[BlackTeam "Magdeburg Aufbau Elbe U12"]
[WhiteTeamCountry "GER"]
[BlackTeamCountry "GER"]

1. e4 c5 2. Nf3 Nc6 3. Bc4 g6 4. d3 Bg7 5. c3 Nf6 6. Nbd2 0-0 7. 0-0 e6 8. Re1 d5 9. exd5 exd5 10. Bb3 Bf5 11. Nf1 Re8 12. Rxe8+ Qxe8 13. Ng3 Bg4 14. h3 Bxf3 15. Qxf3 Rd8 16. Bg5 Qe6 17. c4 Nd4 18. Qd1 Nxb3 19. Qxb3 b6 20. cxd5 Qxd5 21. Qxd5 Rxd5 22. Bxf6 Bxf6 23. Ne4 Bxb2 24. Rb1 Be5 25. f4 Bd4+ 26. Kh1 f5 27. Ng5 Be3 28. Ne6 Rxd3 29. Re1 c4 30. g3 c3 31. Re2 Rd1+ 32. Kg2 Rd2 33. Kf1 Rxe2 34. Kxe2 c2 35. Kxe3 c1Q+ 0-1